00682nam a2200193Ia 4500008004100000020001800041041000800059082001600067100002700083245004700110260004000157300000900197500002700206500002900233650003200262700002700294999001700321952015000338230125s9999 xx 000 0 und d a81-7888-013-X aeng a004.69bSHR aShrivastav R K9106948 aA textbook of internet and web page design c2001bDominant publisheraNew Delhi a246p aInternet,Web designing aWeb development;Internet aComputer Management9106949 aShrivastav R K9106948 c84310d84310 00104070aHIMRbHIMRd2001-11-24eSystem salesg495.00l0o004.69 SHR B02712pHIMR-BK-2712r2023-01-25 00:00:00v495.00w2001-12-10yBKzB02712